プロ野球スピリッツA【プロスピA】の外国人選手 (オリックスバファローズ) - Statistics

General Stats
  • This quiz has been taken 84 times
    34 since last reset
  • The average score is 15 of 38
Answer Stats
選手名 % Correct
投手 A.マチャド
71%
投手 B.ディクソン
71%
野手 S.ロメロ
68%
野手(OB) T.ローズ
68%
野手(OB) ブーマー
64%
野手 A.ジョーンズ
64%
投手 A.エスピノーザ
61%
野手 J.ディアス
54%
野手 C.マレーロ
50%
投手 L.ぺルドモ
50%
野手 M.ゴンザレス
50%
野手(OB) R.ブライアント
46%
投手 A.アルバース
43%
野手 B.バレラ
43%
野手 B.モレル
43%
野手 R.ラベロ
43%
投手(OB) JP(J.パウエル)
39%
投手 J.ワゲスパック
36%
野手 S.モヤ
36%
投手 E.コーディエ
32%
野手 L.セデーニョ
32%
投手 T.ヒギンス
32%
野手 T.ブランコ
32%
野手 A.ロドリゲス
29%
野手 J.マッカーシー
29%
野手(OB) D.スペンサー
25%
投手 J.ビドル
25%
投手 A.マエストリ
21%
野手 B.ボグセビック
21%
投手 B.バリントン
21%
野手 C.トーマス
21%
野手 J.メネセス
21%
投手 L.カスティーヨ
21%
野手(OB) T.ニール
21%
投手 J.コットン
18%
投手 T.エップラー
18%
野手 F.カラバイヨ
14%
投手 G.ヘルメン
14%
No matching quizzes found
Score Distribution
Percent of People with Each Score
Percentile by Number Answered
Your Score History
You have not taken this quiz since the last reset